000 01180nam a2200253 a 4500
005 20200104041512.0
008 140221s1996 cl ab fr|||| 000 0 spa d
040 _aCO-BoIAVH
_cCO-BoIAVH
041 0 _aspa
044 _acl
082 0 4 _a363.70561
_bE74p
100 1 _aEscobar Ramírez, José Jairo
245 1 0 _aPolíticas, estrategias y acciones para la conservación de la diversidad biológica en los sistemas costero-marinos de áreas protegidas /
_bOrganización de las Naciones Unidas para la Agricultura y la Alimentación, Programa de las Naciones Unidas para el Medio Ambiente
260 _aSantiago de Chile :
_bOrganización de las Naciones Unidas para la Agricultura y la Alimentación :
_bPrograma de las Naciones Unidas para el Medio Ambiente,
_c1996.
300 _a103 páginas :
_bIlustraciones (algunas a color), mapas ;
_c26 x 18 cm.
650 1 6 _aEstrategias de conservación
650 2 6 _aPolítica ambiental
650 2 6 _aConservación de biodiversidad
650 2 6 _aEcosistemas costeros
650 2 6 _aEcosistemas marinos
650 2 6 _aAreas protegidas
662 _cAmérica Latina
942 _cLIBRO
_2ddc
999 _c574
_d574